| 000 | 00939nam a22002537a 4500 | ||
|---|---|---|---|
| 005 | 20100826122442.0 | ||
| 008 | 090109t xxu||||| |||| 00| 0urd d | ||
| 010 | _aUR-8381 | ||
| 020 | _c300.00 | ||
| 035 | _aU-6936 | ||
| 037 | _bDBAD/PUB | ||
| 040 |
_aDPL _burdu |
||
| 082 | _a840 | ||
| 100 |
_912785 _aا حمد سا حل |
||
| 245 |
_aخیر خو ا ہا ں جہا ں علم و ز با ں / _cسا حل ا حمد |
||
| 246 |
_aKhair Khahan-e-Jahan Ilm-o-Zaban _bby Sahil Ahmed |
||
| 260 |
_aد ہلی _bا ر د و بک ر یو یو پبلی کیشنز _c2012 |
||
| 270 |
_a1739/3 (Basement) New Kohinoor Hotel , Pataudi House, Darya Ganj _bDelhi _e110002 _k011-23266347 |
||
| 300 |
_a288 ص _c22 (Hb) |
||
| 650 | _912786 | ||
| 700 | _955153 | ||
| 942 |
_2ddc _cUR _h840 _mا ح م |
||
| 999 |
_c73864 _d73864 |
||